[Event "Paracin op-A 18th"]
[Site "Paracin"]
[Date "2025.07.04"]
[Round "1"]
[White "Ucoluk, Umut"]
[Black "Cnejev, Vladimir Alexandru"]
[Result "0-1"]
[WhiteElo "2062"]
[BlackElo "2330"]
[PlyCount "84"]
[EventDate "2025.07.04"]
[EventType "swiss"]
[EventRounds "9"]
[EventCountry "SRB"]
[SourceTitle "CB29_2025"]
[SourceDate "2025.07.16"]
[SourceVersion "1"]
[SourceVersionDate "2025.07.16"]
[SourceQuality "1"]

1. e4 e5 2. Nf3 Nc6 3. Bc4 Nf6 4. d3 Bc5 5. 0-0 d6 6. c3 a6 7. Nbd2 Ba7 8. Bb3 0-0 9. h3 h6 10. Re1 Re8 11. Nf1 Be6 12. Ng3 Qd7 13. Bc2 d5 14. Qe2 Rad8 15. exd5 Nxd5 16. Qf1 Qd6 17. Nh4 Qe7 18. Nf3 Qd6 19. Bd2 f5 20. Kh2 Bc8 21. Rad1 g5 22. Bb3 Kh7 23. Be3 Nxe3 24. fxe3 Rf8 25. Qe2 Qf6 26. Kh1 Kh8 27. Nh2 f4 28. exf4 gxf4 29. Ne4 Qg7 30. Qh5 Ne7 31. Ng4 Nf5 32. Rd2 Bd7 33. Nh2 Bc6 34. Nf1 Ne3 35. Qf3 Qg6 36. Ree2 Rxd3 37. Nfg3 Rxd2 38. Rxd2 Qxg3 39. Qh5 Qe1+ 40. Kh2 Nf1+ 41. Kh1 Ng3+ 42. Kh2 Qh1# 0-1

[Event "Vojvodina op 15th"]
[Site "Novi Sad"]
[Date "2025.06.26"]
[Round "2"]
[White "Cnejev, Vladimir Alexandru"]
[Black "Gaivoronskii, Andrei"]
[Result "0-1"]
[WhiteElo "2330"]
[BlackElo "2202"]
[PlyCount "104"]
[EventDate "2025.06.25"]
[EventType "swiss"]
[EventRounds "9"]
[EventCountry "SRB"]
[SourceTitle "CB27_2025"]
[SourceDate "2025.07.02"]
[SourceVersion "1"]
[SourceVersionDate "2025.07.02"]
[SourceQuality "1"]

1. e4 g6 2. d4 Bg7 3. Nf3 d6 4. c3 Nc6 5. Bd3 e5 6. dxe5 dxe5 7. 0-0 Nf6 8. Qc2 0-0 9. b4 Nh5 10. Rd1 Nf4 11. b5 Na5 12. Bf1 Qf6 13. Nfd2 Be6 14. c4 c6 15. Qa4 b6 16. bxc6 Rac8 17. Nc3 Nxc6 18. Nb3 Qg5 19. Kh1 Qh4 20. Be3 Nd4 21. Nd5 Nc2 22. g3 Qg4 23. gxf4 Nxa1 24. Rxa1 exf4 25. Bd4 Bxd5 26. cxd5 Rc2 27. Rc1 b5 28. Qb4 Rxc1 29. Nxc1 Qd1 30. Kg2 Bxd4 31. Be2 Qxc1 32. Qxd4 a6 33. d6 Qc6 34. Bf3 Qc4 35. Qd2 Qe6 36. Qxf4 f6 37. Bd1 Kg7 38. Bb3 Qe5 39. Qd2 Rd8 40. Bd5 Rxd6 41. Qc2 Rd8 42. Qc6 Qd6 43. Qb7+ Kh6 44. h3 f5 45. Bc6 fxe4 46. Bxe4 Rf8 47. Qa7 Qf4 48. Bb7 a5 49. Bc6 b4 50. f3 Rd8 51. Be4 Rd2+ 52. Kf1 Rxa2 0-1

[Event "Bucharest ROM GP"]
[Site "Bucharest"]
[Date "2025.05.11"]
[Round "9"]
[White "Cnejev, Vladimir Alexandru"]
[Black "Jianu, Vlad Cristian"]
[Result "1-0"]
[WhiteElo "2350"]
[BlackElo "2454"]
[PlyCount "92"]
[EventDate "2025.05.10"]
[EventType "swiss"]
[EventRounds "10"]
[EventCountry "ROU"]
[SourceTitle "CB20_2025"]
[SourceDate "2025.05.14"]
[SourceVersion "1"]
[SourceVersionDate "2025.05.14"]
[SourceQuality "1"]

1. e4 c6 2. d4 d5 3. e5 c5 4. Nf3 cxd4 5. Nxd4 Nc6 6. Nxc6 bxc6 7. Bd3 e6 8. 0-0 Ne7 9. Nd2 Ng6 10. Nf3 Be7 11. Qe2 0-0 12. c4 a5 13. g3 Ba6 14. Rd1 Qc7 15. cxd5 Bxd3 16. Rxd3 cxd5 17. h4 Rfc8 18. h5 Nf8 19. Nd4 Rab8 20. Bf4 a4 21. b3 axb3 22. axb3 h6 23. Qg4 Kh8 24. Kg2 Bc5 25. Rc1 Qb7 26. Nf3 Be7 27. Rxc8 Rxc8 28. Be3 Nd7 29. Qf4 Kg8 30. Qg4 Kf8 31. Qd4 Nc5 32. Rc3 Nxb3 33. Rxc8+ Qxc8 34. Qd3 Qc4 35. Qh7 f5 36. Qh8+ Kf7 37. Qh7 Kf8 38. Qh8+ Kf7 39. Qh7 Kf8 40. Bxh6 gxh6 41. Qxh6+ Ke8 42. Qg6+ Kd7 43. h6 Qe4 44. h7 Nd4 45. h8Q Qxf3+ 46. Kg1 Kc7 1-0

[Event "Bucharest ROM GP"]
[Site "Bucharest"]
[Date "2025.05.11"]
[Round "10"]
[White "Kuzubov, Yuriy"]
[Black "Cnejev, Vladimir Alexandru"]
[Result "1-0"]
[WhiteElo "2605"]
[BlackElo "2350"]
[PlyCount "152"]
[EventDate "2025.05.10"]
[EventType "swiss"]
[EventRounds "10"]
[EventCountry "ROU"]
[SourceTitle "CB20_2025"]
[SourceDate "2025.05.14"]
[SourceVersion "1"]
[SourceVersionDate "2025.05.14"]
[SourceQuality "1"]

1. d4 d5 2. c4 e6 3. Nf3 Nf6 4. Nc3 Be7 5. cxd5 exd5 6. Bf4 c6 7. e3 Bf5 8. Nh4 Be6 9. Bd3 0-0 10. h3 Nbd7 11. Nf3 Re8 12. 0-0 h6 13. Rb1 a5 14. a3 Nb6 15. Qc2 Bd6 16. Bxd6 Qxd6 17. b4 axb4 18. Rxb4 Nbd7 19. Rxb7 Rxa3 20. Rc1 Rb8 21. Rxb8+ Qxb8 22. Ne2 c5 23. dxc5 Nxc5 24. Qxc5 Rxd3 25. Nf4 Rb3 26. Nxe6 fxe6 27. Nd4 Rb6 28. Qe7 Qd6 29. Rc8+ Kh7 30. Qxd6 Rxd6 31. Rc7 Ne4 32. f3 Ng3 33. Kf2 Nf5 34. Nc6 h5 35. g4 hxg4 36. hxg4 Nh4 37. f4 Ng6 38. Kg3 Kg8 39. g5 Nf8 40. Ne5 Rd8 41. Kf3 Ra8 42. Ke2 Kh7 43. Re7 Ra6 44. Kf3 Ng6 45. Nxg6 Kxg6 46. Kg4 Rb6 47. Re8 Ra6 48. Kf3 Rb6 49. Re7 Ra6 50. Ke2 Ra2+ 51. Kd3 Ra3+ 52. Ke2 Ra6 53. Kd2 Ra2+ 54. Kc1 Ra6 55. Kc2 Rb6 56. Kc3 Rc6+ 57. Kb3 Rb6+ 58. Ka4 Kf5 59. Rxg7 d4 60. Rf7+ Ke4 61. exd4 Kxd4 62. g6 Rb8 63. g7 Rg8 64. Kb4 Kd5 65. Kc3 Rc8+ 66. Kd3 Rg8 67. Ke3 Kc6 68. Ke4 Kd6 69. Kd4 e5+ 70. fxe5+ Ke6 71. Ra7 Rb8 72. Ke4 Rb4+ 73. Kf3 Rb8 74. Kf4 Rc8 75. Kg5 Kxe5 76. Kg6 Kd5 1-0

[Event "EU-ch 25th"]
[Site "Eforie Nord"]
[Date "2025.03.26"]
[Round "11"]
[White "Cnejev, Vladimir Alexandru"]
[Black "Aizenberg, Benny"]
[Result "1/2-1/2"]
[WhiteElo "2343"]
[BlackElo "2441"]
[PlyCount "175"]
[EventDate "2025.03.15"]
[EventType "swiss"]
[EventRounds "11"]
[EventCountry "ROU"]
[SourceTitle "CB13_2025"]
[SourceDate "2025.03.26"]
[SourceVersion "1"]
[SourceVersionDate "2025.03.26"]
[SourceQuality "1"]

1. e4 c5 2. c3 d5 3. exd5 Qxd5 4. d4 e6 5. Nf3 Nf6 6. Na3 Nc6 7. Be3 cxd4 8. Nb5 Qd7 9. Nbxd4 Bd6 10. Nb5 Bb8 11. Qa4 Nd5 12. Bc5 b6 13. Ba3 a6 14. Nbd4 b5 15. Qc2 b4 16. cxb4 Ncxb4 17. Qd1 Bd6 18. Bc4 Bb7 19. 0-0 0-0 20. Re1 Rac8 21. Qb3 a5 22. Bb5 Qc7 23. Rad1 Qb6 24. Ne5 Qc7 25. Ndf3 Nf4 26. Qe3 Ng6 27. Nxg6 hxg6 28. Bxb4 Bxb4 29. Rf1 Bc5 30. Qe2 Qf4 31. Qe5 Qb4 32. Be2 Bd5 33. a3 Qb6 34. Rd2 Rfd8 35. Ne1 Bd6 36. Qg5 Qb8 37. g3 Qb7 38. Nc2 Be7 39. Qe3 Bg2 40. Rxd8+ Bxd8 41. Rc1 Bb6 42. Qd2 Qc6 43. Rd1 Bd5 44. Nd4 Qa8 45. Nb5 Qb8 46. Nc3 Ba8 47. Kf1 Bc7 48. Qd7 Rd8 49. Qb5 Rxd1+ 50. Nxd1 Qd8 51. Ne3 Kh7 52. Qd3 Qf6 53. Qa6 Qd8 54. Qd3 Qc8 55. Qa6 Bb7 56. Qb5 Bd8 57. Qc4 Qd7 58. b4 axb4 59. axb4 Bb6 60. Bd3 Qd6 61. Be4 Bxe4 62. Qxe4 Qd2 63. h4 Qd7 64. h5 f5 65. hxg6+ Kxg6 66. Qc4 Kf6 67. Ke2 g5 68. Qd3 Qa7 69. Qc3+ Bd4 70. Qc8 Bxe3 71. Qd8+ Kg6 72. Qe8+ Kg7 73. fxe3 Qa2+ 74. Kf1 Qc4+ 75. Kf2 Qc2+ 76. Ke1 Qb1+ 77. Ke2 Qb2+ 78. Kf1 Qc1+ 79. Ke2 Qc4+ 80. Kf2 Qxb4 81. Qxe6 Qb2+ 82. Kf1 Qf6 83. Qxf6+ Kxf6 84. g4 fxg4 85. Kf2 Ke5 86. Kg3 Ke4 87. Kxg4 Kxe3 88. Kxg5 1/2-1/2

[Event "Titled Tuesday intern op 18th Mar Late"]
[Site "Chess.com INT"]
[Date "2025.03.18"]
[Round "4"]
[White "Cnejev, Vladimir Alexandru"]
[Black "Akhayan, Ruben"]
[Result "1-0"]
[WhiteElo "2343"]
[BlackElo "2261"]
[PlyCount "43"]
[EventDate "2025.03.18"]
[EventType "swiss (blitz)"]
[EventRounds "11"]
[EventCountry "USA"]
[SourceTitle "CB13_2025"]
[SourceDate "2025.03.26"]
[SourceVersion "1"]
[SourceVersionDate "2025.03.26"]
[SourceQuality "1"]

1. e4 e5 2. Nf3 Nc6 3. d4 exd4 4. Bc4 Nf6 5. 0-0 Nxe4 6. Re1 d5 7. Bxd5 Qxd5 8. Nc3 Qh5 9. Nxe4 Be6 10. Bg5 Bd6 11. Nxd6+ cxd6 12. Bf4 Qd5 13. c4 Qxc4 14. Bxd6 0-0-0 15. Bg3 Bg4 16. Qd2 Bxf3 17. Qf4 Rd7 18. Rac1 Bd5 19. Rxc4 Bxc4 20. Rc1 Re8 21. h3 Ne5 22. Rxc4+ 1-0

[Event "Titled Tuesday intern op 18th Mar Late"]
[Site "Chess.com INT"]
[Date "2025.03.18"]
[Round "1"]
[White "Cnejev, Vladimir Alexandru"]
[Black "Rustemov, Alexander"]
[Result "1/2-1/2"]
[WhiteElo "2343"]
[BlackElo "2525"]
[PlyCount "137"]
[EventDate "2025.03.18"]
[EventType "swiss (blitz)"]
[EventRounds "11"]
[EventCountry "USA"]
[SourceTitle "CB13_2025"]
[SourceDate "2025.03.26"]
[SourceVersion "1"]
[SourceVersionDate "2025.03.26"]
[SourceQuality "1"]

1. e4 e6 2. d4 d5 3. Nc3 dxe4 4. Nxe4 Bd7 5. Bd3 Bc6 6. Nf3 Nd7 7. 0-0 Ngf6 8. Re1 Nxe4 9. Bxe4 Bxe4 10. Rxe4 Nf6 11. Re2 Be7 12. c4 0-0 13. Qb3 Rb8 14. h3 c6 15. Be3 Qb6 16. d5 Qxb3 17. axb3 cxd5 18. Rxa7 Rfc8 19. Bf4 Ra8 20. Rxb7 Bc5 21. b4 Bf8 22. c5 h6 23. Rc2 Ra4 24. b3 Ra3 25. b5 Rxb3 26. c6 Ne4 27. c7 Bd6 28. Rb8 Rxb8 29. cxb8Q+ Bxb8 30. Bxb8 Rxb5 31. Bf4 f6 32. Kf1 e5 33. Bc1 Rb7 34. Nd2 Nd6 35. Rb2 Rc7 36. Nb3 Kf7 37. Ke2 Ke6 38. Bd2 d4 39. f3 Kd5 40. Ra2 Nc4 41. Na5 Ra7 42. Ra4 Nd6 43. Ra1 f5 44. Nb3 Rxa1 45. Nxa1 e4 46. fxe4+ fxe4 47. Nb3 Nc4 48. Be1 h5 49. g4 g6 50. gxh5 gxh5 51. Bf2 d3+ 52. Kd1 e3 53. Bxe3 Nxe3+ 54. Kd2 Kc4 55. Kxe3 Kxb3 56. Kxd3 h4 57. Ke4 Kc4 58. Kf4 Kd5 59. Kf5 Kd6 60. Kg4 Ke6 61. Kxh4 Kf7 62. Kg5 Kg7 63. h4 Kh7 64. h5 Kg7 65. h6+ Kh7 66. Kh5 Kh8 67. Kg6 Kg8 68. h7+ Kh8 69. Kh6 1/2-1/2

[Event "Titled Tuesday intern op 18th Mar Late"]
[Site "Chess.com INT"]
[Date "2025.03.18"]
[Round "8"]
[White "Pereyra, Horacio"]
[Black "Cnejev, Vladimir Alexandru"]
[Result "0-1"]
[WhiteElo "2157"]
[BlackElo "2343"]
[PlyCount "64"]
[EventDate "2025.03.18"]
[EventType "swiss (blitz)"]
[EventRounds "11"]
[EventCountry "USA"]
[SourceTitle "CB13_2025"]
[SourceDate "2025.03.26"]
[SourceVersion "1"]
[SourceVersionDate "2025.03.26"]
[SourceQuality "1"]

1. d4 Nf6 2. Nc3 d5 3. Bg5 Nbd7 4. f3 c5 5. e4 cxd4 6. Qxd4 e5 7. Qd2 d4 8. Nd5 Be7 9. Nxe7 Qxe7 10. Bd3 0-0 11. Ne2 h6 12. Bh4 Qc5 13. Ng3 b5 14. Nf5 Qb6 15. 0-0 Kh7 16. f4 Bb7 17. Rae1 Ng4 18. h3 Ne3 19. Nxe3 dxe3 20. Qe2 exf4 21. Rxf4 g5 22. e5+ Kg7 23. Rf5 gxh4 24. Ref1 Rae8 25. R1f4 Nxe5 26. Rxh4 Ng6 27. Rg4 Bc8 28. h4 Bxf5 29. Bxf5 Kh8 30. Kh2 Qd6+ 31. g3 Qd2 32. Bd3 Ne5 0-1

[Event "EU-ch 25th"]
[Site "Eforie Nord"]
[Date "2025.03.16"]
[Round "2"]
[White "Ciolacu, Alessia Mihaela"]
[Black "Cnejev, Vladimir Alexandru"]
[Result "0-1"]
[WhiteElo "2136"]
[BlackElo "2343"]
[PlyCount "92"]
[EventDate "2025.03.15"]
[EventType "swiss"]
[EventRounds "11"]
[EventCountry "ROU"]
[SourceTitle "CB13_2025"]
[SourceDate "2025.03.26"]
[SourceVersion "1"]
[SourceVersionDate "2025.03.26"]
[SourceQuality "1"]

1. d4 Nf6 2. Nf3 g6 3. Nbd2 Bg7 4. e4 d6 5. Bb5+ c6 6. Bd3 0-0 7. 0-0 c5 8. c3 cxd4 9. cxd4 Nc6 10. Re1 e5 11. d5 Ne7 12. Nc4 Ne8 13. a4 f5 14. Qb3 Kh8 15. Bd2 h6 16. Bb4 Rf6 17. Qa3 Bf8 18. Rad1 Kh7 19. a5 fxe4 20. Bxe4 Bf5 21. Nh4 Rc8 22. Qd3 Qd7 23. Nd2 h5 24. Bc3 Bh6 25. Nc4 Bxe4 26. Rxe4 Rc5 27. Qf1 Rxd5 28. b3 Rxd1 29. Qxd1 Qc6 30. Qe1 Nd5 31. Bb2 Ng7 32. Nf3 Nf4 33. Ba3 Nd3 34. Qe2 Nc5 35. Bxc5 Qxc5 36. Qd1 Nf5 37. h4 b5 38. axb6 axb6 39. Qa1 b5 40. Qa5 bxc4 41. Qd8 c3 42. Ng5+ Bxg5 43. hxg5 Rf7 44. Ra4 c2 45. Ra8 c1Q+ 46. Kh2 Qf4+ 0-1

[Event "ROM-ch"]
[Site "Craiova"]
[Date "2025.02.16"]
[Round "2"]
[White "Lucaci, Alin Marian"]
[Black "Cnejev, Vladimir Alexandru"]
[Result "0-1"]
[WhiteElo "2137"]
[BlackElo "2300"]
[PlyCount "99"]
[EventDate "2025.02.15"]
[EventType "swiss"]
[EventRounds "9"]
[EventCountry "ROU"]
[SourceTitle "CB09_2025"]
[SourceDate "2025.02.27"]
[SourceVersion "1"]
[SourceVersionDate "2025.02.27"]
[SourceQuality "1"]

1. d4 d5 2. c4 e6 3. Nc3 Be7 4. cxd5 exd5 5. Bf4 Nf6 6. e3 Bf5 7. Qb3 Nc6 8. Bb5 0-0 9. Nf3 Nb4 10. Rc1 c6 11. Be2 Nh5 12. Be5 f6 13. Bg3 Qb6 14. e4 Bg6 15. 0-0 Nxg3 16. hxg3 Bf7 17. e5 Na6 18. Qd1 Bh5 19. Na4 Qa5 20. a3 b5 21. Nc3 Rae8 22. Qd2 Qb6 23. Rc2 Nc7 24. Rfc1 Bxf3 25. Bxf3 fxe5 26. dxe5 Ne6 27. Rd1 Kh8 28. Ne2 Bc5 29. Nf4 Nd4 30. b4 Nxf3+ 31. gxf3 Be7 32. Rdc1 Bg5 33. Ng6+ hxg6 34. Qxg5 Rxf3 35. Qxg6 Rxe5 36. Kg2 Rf6 37. Rh1+ Kg8 38. Qh7+ Kf7 39. f4 Qe3 40. Rf2 Qe4+ 41. Qxe4 Rxe4 42. Rc1 Ke7 43. f5 Kd6 44. Rfc2 Rc4 45. Rxc4 bxc4 46. g4 Ke5 47. Kf3 Kd4 48. Kf4 c3 49. g5 Rf8 50. a4 0-1

[Event "Alba Iulia Final ROM GP KO 9-16"]
[Site "Alba Iulia"]
[Date "2024.11.26"]
[Round "2.1"]
[White "Obada, Ema"]
[Black "Cnejev, Vladimir Alexandru"]
[Result "1/2-1/2"]
[WhiteElo "2060"]
[BlackElo "2288"]
[PlyCount "102"]
[EventDate "2024.11.26"]
[EventType "k.o. (rapid)"]
[EventRounds "3"]
[EventCountry "ROU"]
[SourceTitle "CB49_2024"]
[SourceDate "2024.12.04"]
[SourceVersion "1"]
[SourceVersionDate "2024.12.04"]
[SourceQuality "1"]

1. e4 e5 2. Nf3 Nc6 3. Bc4 Nf6 4. d4 exd4 5. e5 d5 6. Bb5 Ne4 7. Nxd4 Bc5 8. Be3 0-0 9. Nxc6 bxc6 10. Bxc5 Nxc5 11. Bxc6 Rb8 12. 0-0 d4 13. b3 Rb6 14. Bf3 Rh6 15. g3 f6 16. exf6 Rhxf6 17. Nd2 Kh8 18. Bg2 Ba6 19. Nc4 Qd7 20. Qd2 Ne6 21. Rad1 h6 22. f4 Qb5 23. Kh1 Qc5 24. Qd3 Rd8 25. Rfe1 Nf8 26. Re5 Qb4 27. a3 Qb8 28. Rde1 c6 29. Re7 Qc8 30. Qe4 Bxc4 31. bxc4 Qg4 32. Re8 Rxe8 33. Qxe8 Qf5 34. Qe4 Qa5 35. Rb1 Re6 36. Qxd4 Re1+ 37. Rxe1 Qxe1+ 38. Qg1 Qa5 39. Bxc6 Qxa3 40. Bd5 Nd7 41. Qe1 Nf6 42. Bg2 a5 43. h3 a4 44. Kh2 Qb2 45. Qa5 a3 46. Qa8+ Kh7 47. Be4+ Nxe4 48. Qxe4+ Kh8 49. Qe8+ Kh7 50. Qe4+ Kh8 51. Qe8+ Kh7 1/2-1/2

[Event "Alba Iulia Final ROM GP Gp-C"]
[Site "Alba Iulia"]
[Date "2024.11.25"]
[Round "1"]
[White "Cnejev, Vladimir Alexandru"]
[Black "Nedelcu, Teodor Cosmin"]
[Result "1/2-1/2"]
[WhiteElo "2288"]
[BlackElo "2320"]
[PlyCount "82"]
[EventDate "2024.11.25"]
[EventType "tourn (rapid)"]
[EventRounds "6"]
[EventCountry "ROU"]
[EventCategory "5"]
[SourceTitle "CB49_2024"]
[SourceDate "2024.12.04"]
[SourceVersion "1"]
[SourceVersionDate "2024.12.04"]
[SourceQuality "1"]

1. e4 c5 2. Nf3 e6 3. d4 cxd4 4. Nxd4 Nf6 5. Bd3 Nc6 6. Nxc6 bxc6 7. Bf4 d5 8. Nd2 Be7 9. 0-0 0-0 10. e5 Ne8 11. c4 f5 12. cxd5 cxd5 13. Nb3 Bd7 14. Qe2 Nc7 15. Rac1 a6 16. Nd4 Nb5 17. Be3 Nxd4 18. Bxd4 Qa5 19. a3 Rfc8 20. Rxc8+ Bxc8 21. Rc1 Bd7 22. Qe3 Qa4 23. g3 Rc8 24. Rxc8+ Bxc8 25. Bc5 f4 26. gxf4 Qd1+ 27. Bf1 Qg4+ 28. Bg2 Qd1+ 29. Bf1 Qg4+ 30. Kh1 d4 31. Qe4 Bxc5 32. Qc6 Bf8 33. Qxc8 Qf3+ 34. Kg1 Qg4+ 35. Kh1 Qf3+ 36. Kg1 Qg4+ 37. Kh1 d3 38. Qd8 Qf3+ 39. Kg1 Qg4+ 40. Kh1 Qf3+ 41. Kg1 Qg4+ 1/2-1/2

[Event "Wch U16"]
[Site "Florianopolis"]
[Date "2024.11.07"]
[Round "9"]
[White "Sauer, Tim"]
[Black "Cnejev, Vladimir Alexandru"]
[Result "1/2-1/2"]
[WhiteElo "2081"]
[BlackElo "2306"]
[PlyCount "144"]
[EventDate "2024.10.29"]
[EventType "swiss"]
[EventRounds "11"]
[EventCountry "BRA"]
[SourceTitle "CB45_2024"]
[Source "ChessBase"]
[SourceDate "2024.11.06"]
[SourceVersion "1"]
[SourceVersionDate "2024.11.06"]
[SourceQuality "1"]

1. d4 Nf6 2. Nf3 g6 3. g3 Bg7 4. Bg2 0-0 5. 0-0 d6 6. b3 e5 7. dxe5 dxe5 8. Ba3 Qxd1 9. Rxd1 Re8 10. Nc3 e4 11. Nd4 a6 12. e3 Nbd7 13. Rab1 c5 14. Nde2 b5 15. Nd5 Nxd5 16. Rxd5 Bf8 17. h3 Nb6 18. Rd2 Bb7 19. g4 f6 20. Nf4 a5 21. Bf1 Bc6 22. c4 b4 23. Bb2 Kf7 24. Nd5 Bxd5 25. cxd5 Bd6 26. Bb5 Re7 27. Bc6 Rd8 28. Rc1 Nd7 29. a4 Ne5 30. Bxe5 Rxe5 31. Rdc2 Re7 32. Kg2 f5 33. g5 h6 34. h4 Rh8 35. Rxc5 Bxc5 36. Rxc5 Ra7 37. Kg3 hxg5 38. hxg5 Ke7 39. Bb5 Kd6 40. Rc6+ Kxd5 41. Rxg6 Rc8 42. Rf6 Ke5 43. Bc4 Rxc4 44. bxc4 Rb7 45. Rh6 b3 46. Rh1 Kd6 47. Kf4 Kc5 48. Kxf5 Kxc4 49. Kxe4 b2 50. Rb1 Kb3 51. f4 Kxa4 52. f5 Kb3 53. f6 a4 54. g6 a3 55. g7 Kc2 56. g8Q Kxb1 57. f7 Rxf7 58. Qxf7 a2 59. Qf1+ Kc2 60. Qe2+ Kc1 61. Qc4+ Kb1 62. Qd3+ Kc1 63. Qc3+ Kb1 64. Qd3+ Kc1 65. Qf1+ Kc2 66. Qd3+ Kc1 67. Qc3+ Kb1 68. Kd3 a1Q 69. Qc2+ Ka2 70. Qa4+ Kb1 71. Qc2+ Ka2 72. Qa4+ Kb1 1/2-1/2

[Event "Wch U16"]
[Site "Florianopolis"]
[Date "2024.11.02"]
[Round "5"]
[White "Cnejev, Vladimir Alexandru"]
[Black "Warchol, Kamil"]
[Result "1-0"]
[WhiteElo "2306"]
[BlackElo "2181"]
[PlyCount "57"]
[EventDate "2024.10.29"]
[EventType "swiss"]
[EventRounds "11"]
[EventCountry "BRA"]
[SourceTitle "CB45_2024"]
[Source "ChessBase"]
[SourceDate "2024.11.06"]
[SourceVersion "1"]
[SourceVersionDate "2024.11.06"]
[SourceQuality "1"]

1. e4 c5 2. Nf3 d6 3. d4 cxd4 4. Nxd4 Nf6 5. Nc3 Nc6 6. Bg5 Bd7 7. Nxc6 bxc6 8. Bc4 h6 9. Bd2 e5 10. Qe2 Be7 11. 0-0-0 Rb8 12. h3 Qb6 13. b3 Qc5 14. Kb1 Be6 15. Bxe6 fxe6 16. h4 h5 17. f3 Nd7 18. g4 Nb6 19. gxh5 Bf6 20. h6 gxh6 21. Qd3 Ke7 22. Be3 Qb4 23. Ka1 d5 24. Nb1 Nc4 25. Bc1 Nd6 26. c3 Qa5 27. Na3 Rbg8 28. Rhe1 Rg6 29. f4 1-0

[Event "Wch U16"]
[Site "Florianopolis"]
[Date "2024.10.31"]
[Round "3"]
[White "Cnejev, Vladimir Alexandru"]
[Black "Raczek, Krzysztof"]
[Result "1/2-1/2"]
[WhiteElo "2306"]
[BlackElo "2435"]
[PlyCount "36"]
[EventDate "2024.10.29"]
[EventType "swiss"]
[EventRounds "11"]
[EventCountry "BRA"]
[SourceTitle "CB45_2024"]
[Source "ChessBase"]
[SourceDate "2024.11.06"]
[SourceVersion "1"]
[SourceVersionDate "2024.11.06"]
[SourceQuality "1"]

1. e4 c6 2. d4 d5 3. e5 Bf5 4. g4 Bd7 5. Nc3 a6 6. Be3 c5 7. dxc5 e6 8. h4 Qc7 9. Qd2 Bxc5 10. Bxc5 Qxc5 11. 0-0-0 Qc7 12. f4 Nc6 13. Nf3 0-0-0 14. Bd3 h5 15. gxh5 Rxh5 16. Rdg1 g6 17. Ne2 Rh8 18. h5 gxh5 1/2-1/2

[Event "EU-ch U16"]
[Site "Prague"]
[Date "2024.08.28"]
[Round "6"]
[White "Cnejev, Vladimir Alexandru"]
[Black "Radu, David Cr"]
[Result "0-1"]
[WhiteElo "2343"]
[BlackElo "2159"]
[PlyCount "78"]
[EventDate "2024.08.22"]
[EventType "swiss"]
[EventRounds "9"]
[EventCountry "CZE"]
[SourceTitle "CBM 221 Extra"]
[Source "ChessBase"]
[SourceDate "2024.09.30"]
[SourceVersion "1"]
[SourceVersionDate "2024.09.30"]
[SourceQuality "1"]

1. e4 c6 2. d4 d5 3. e5 Bf5 4. Nd2 e6 5. Nb3 Nd7 6. Nf3 h5 7. Be2 Be7 8. 0-0 h4 9. Ne1 a5 10. a4 Qb6 11. Be3 Nh6 12. c4 Bg6 13. cxd5 exd5 14. Bxh6 Rxh6 15. Bd3 Bh5 16. Qc2 Nf8 17. Bf5 Ne6 18. Bxe6 fxe6 19. Nd3 Bg6 20. Qc3 Bf5 21. Nd2 Kf7 22. f3 Qa6 23. Nc5 Qa7 24. Rfd1 b6 25. Nd3 c5 26. Nf1 Bxd3 27. Qxd3 cxd4 28. Kh1 Bc5 29. Nd2 Kg8 30. Nb3 Qf7 31. Rac1 Rh5 32. Nxc5 bxc5 33. Rxc5 h3 34. Rc2 Rxe5 35. Rdc1 Rf8 36. Qxd4 Rf5 37. Rg1 Rxf3 38. Qg4 Rf1 39. Rc1 Rxc1 0-1

[Event "EU-ch U16"]
[Site "Prague"]
[Date "2024.08.25"]
[Round "4"]
[White "Cnejev, Vladimir Alexandru"]
[Black "Savicevs, Arsenijs"]
[Result "1-0"]
[WhiteElo "2343"]
[BlackElo "2184"]
[PlyCount "83"]
[EventDate "2024.08.22"]
[EventType "swiss"]
[EventRounds "9"]
[EventCountry "CZE"]
[SourceTitle "CBM 221 Extra"]
[Source "ChessBase"]
[SourceDate "2024.09.30"]
[SourceVersion "1"]
[SourceVersionDate "2024.09.30"]
[SourceQuality "1"]

1. e4 c5 2. Nf3 d6 3. d4 cxd4 4. Qxd4 Nc6 5. Qe3 g6 6. c4 Bg7 7. Nc3 Nf6 8. Be2 0-0 9. 0-0 Nd7 10. Rd1 Qb6 11. Qf4 Bxc3 12. bxc3 f6 13. h4 Qa5 14. Qe3 Nde5 15. Rd5 Ng4 16. Rxa5 Nxe3 17. Rb5 Ng4 18. c5 a6 19. Rbb1 dxc5 20. Ba3 b5 21. Bxc5 Be6 22. Nd4 Nxd4 23. cxd4 Kf7 24. a4 Bd7 25. f3 Ne3 26. axb5 axb5 27. Rxa8 Rxa8 28. Bxb5 Bxb5 29. Rxb5 Ra2 30. Rb7 Rxg2+ 31. Kh1 Rc2 32. Bxe7 Ke6 33. Bc5 Rxc5 34. dxc5 h5 35. Kg1 Nc4 36. Kf2 f5 37. Rb4 Ne5 38. exf5+ Kxf5 39. Ke3 Ke6 40. Ke4 Nd7 41. Rb6+ Nxb6 42. cxb6 1-0

[Event "Arad op 17th"]
[Site "Arad"]
[Date "2024.08.10"]
[Round "8"]
[White "Cnejev, Vladimir Alexandru"]
[Black "Ciocani, Iosif"]
[Result "1-0"]
[WhiteElo "2343"]
[BlackElo "2152"]
[PlyCount "69"]
[EventDate "2024.08.05"]
[EventType "swiss"]
[EventRounds "9"]
[EventCountry "ROU"]
[SourceTitle "CBM 221 Extra"]
[Source "ChessBase"]
[SourceDate "2024.09.30"]
[SourceVersion "1"]
[SourceVersionDate "2024.09.30"]
[SourceQuality "1"]

1. e4 c5 2. Nf3 Nc6 3. c3 Nf6 4. e5 Nd5 5. Bc4 Nb6 6. Bb3 d5 7. exd6 Qxd6 8. 0-0 g6 9. d4 cxd4 10. cxd4 Bg7 11. Nc3 0-0 12. Nb5 Qd8 13. Bf4 Bg4 14. Re1 Qd7 15. h3 Bf5 16. a4 Rad8 17. Bc7 Rc8 18. g4 Be6 19. Bxb6 Bxb3 20. Qxb3 axb6 21. Rad1 Na5 22. Qb4 Qd5 23. Kg2 Nc6 24. Qa3 Rfd8 25. Nc3 Qa5 26. Re4 e6 27. Qb3 Nb4 28. Ne5 Nd5 29. Nb5 Ra8 30. Qf3 Qxa4 31. Qxf7+ Kh8 32. Qxe6 Rf8 33. Qxd5 Qxd1 34. Nf7+ Rxf7 35. Qxf7 1-0

[Event "Arad op 17th"]
[Site "Arad"]
[Date "2024.08.06"]
[Round "2"]
[White "Cnejev, Vladimir Alexandru"]
[Black "Dudin, Gleb"]
[Result "1/2-1/2"]
[WhiteElo "2343"]
[BlackElo "2534"]
[PlyCount "93"]
[EventDate "2024.08.05"]
[EventType "swiss"]
[EventRounds "9"]
[EventCountry "ROU"]
[SourceTitle "CBM 221 Extra"]
[Source "ChessBase"]
[SourceDate "2024.09.30"]
[SourceVersion "1"]
[SourceVersionDate "2024.09.30"]
[SourceQuality "1"]

1. e4 c5 2. Nf3 d6 3. Bb5+ Nd7 4. Ba4 Ngf6 5. 0-0 g6 6. Re1 Bg7 7. c3 a6 8. d4 b5 9. Bc2 cxd4 10. cxd4 Bb7 11. a4 0-0 12. Bd2 Qb6 13. h3 Rfc8 14. Bd3 bxa4 15. Nc3 e6 16. Qxa4 Bf8 17. Qa5 Qxa5 18. Rxa5 Nb6 19. Na4 Rc6 20. Bc3 d5 21. e5 Nfd7 22. Nxb6 Rxb6 23. Rea1 Nb8 24. Ne1 Nc6 25. R5a4 Bb4 26. Nc2 Bxc3 27. bxc3 a5 28. Kf1 Rb8 29. Ke2 Kg7 30. Kd2 Bc8 31. R4a2 Ba6 32. Bxa6 Rxa6 33. Ne1 Rab6 34. Nd3 Rb1 35. Kc2 Rxa1 36. Rxa1 Rb5 37. Ra3 g5 38. Rb3 Na7 39. g4 h5 40. Rxb5 Nxb5 41. Kb3 hxg4 42. hxg4 f6 43. Nc5 Kf7 44. exf6 Kxf6 45. Nd7+ Kg7 46. Ne5 Kf6 47. Nd7+ 1/2-1/2